书目信息 |
| 题名: |
自弹自唱教程
|
|
| 作者: | 吴磊 , 冒小瑛 编著 | |
| 分册: | 中学篇 | |
| 出版信息: | 苏州 苏州大学出版社 2021.11 |
|
| 页数: | 180页 | |
| 开本: | 29cm | |
| 丛书名: | 高等院校音乐教育专业教学技能规划教材 | |
| 单 册: | ||
| 中图分类: | J616 , J624.16 | |
| 科图分类: | ||
| 主题词: | 钢琴--gang qin--奏法--高等学校--教材 , 声乐--sheng yue--高等学校--教材 | |
| 电子资源: | ||
| ISBN: | 978-7-5672-3681-3 | |
| 000 | 01352nam 2200325 450 | |
| 001 | CAL 0120227362614 | |
| 005 | 20230217093112.0 | |
| 010 | @a978-7-5672-3681-3@dCNY48.00 | |
| 100 | @a20220305d2021 em y0chiy0120 ea | |
| 101 | 0 | @achi |
| 102 | @aCN@b320000 | |
| 105 | @ag z 000yy | |
| 106 | @ar | |
| 200 | 1 | @a自弹自唱教程@Azi tan zi chang jiao cheng@i中学篇@f吴磊, 冒小瑛编著 |
| 210 | @a苏州@c苏州大学出版社@d2021.11 | |
| 215 | @a180页@c乐谱@d29cm | |
| 225 | 2 | @a高等院校音乐教育专业教学技能规划教材@Agao deng yuan xiao yin yue jiao yu zhuan ye jiao xue ji neng gui hua jiao cai |
| 300 | @a苏州大学教材培育项目 中小学音乐教材 | |
| 330 | @a本书主要内容包括技法、选曲两大部分, 其中技法又包括钢琴技法、声乐技法、编配技法, 实用性强, 可操作性强 ; 选曲以具有代表性的歌曲为主, 并且进行了和弦和伴奏织体的编配。本书内容有: 银杯、牧歌、军民大生产、沂蒙山小调、献上最洁白的哈达等。 | |
| 333 | @a“十三五”江苏省高等学校重点教材 江苏省高等学校重点教材 | |
| 410 | 0 | @12001 @a高等院校音乐教育专业教学技能规划教材 |
| 517 | 1 | @a中学篇@Azhong xue pian |
| 606 | 0 | @a钢琴@Agang qin@x奏法@x高等学校@j教材 |
| 606 | 0 | @a声乐@Asheng yue@x高等学校@j教材 |
| 690 | @aJ616@v5 | |
| 690 | @aJ624.16@v5 | |
| 701 | 0 | @a吴磊@Awu lei@4编著 |
| 701 | 0 | @a冒小瑛@Amao xiao ying@4编著 |
| 801 | 0 | @aCN@bBJXHZP@c20230228 |
| 905 | @b1385681-2@dJ616@e1479@f2 | |
| 自弹自唱教程.中学篇/吴磊, 冒小瑛编著.-苏州:苏州大学出版社,2021.11 |
| 180页:乐谱;29cm.-(高等院校音乐教育专业教学技能规划教材) |
| 苏州大学教材培育项目 中小学音乐教材.-使用对象:“十三五”江苏省高等学校重点教材 江苏省高等学校重点教材 |
| ISBN 978-7-5672-3681-3:CNY48.00 |
| 本书主要内容包括技法、选曲两大部分, 其中技法又包括钢琴技法、声乐技法、编配技法, 实用性强, 可操作性强 ; 选曲以具有代表性的歌曲为主, 并且进行了和弦和伴奏织体的编配。本书内容有: 银杯、牧歌、军民大生产、沂蒙山小调、献上最洁白的哈达等。 |
| ● |
| 相关链接 |
|
|
|
|
正题名:自弹自唱教程
索取号:J616/1479
 
预约/预借
| 序号 | 登录号 | 条形码 | 馆藏地/架位号 | 状态 | 备注 |
| 1 | 1385681 | 213856816 | 第一样本阅览室/ [索取号:J616/1479] | 在馆 | |
| 2 | 1385682 | 213856825 | 第一借阅区/ [索取号:J616/1479] | 在馆 |